000 00767nam a2200253 a 4500
003 OSt
005 20130612180917.0
008 130612s1999 sz ||||| |||| 00| 0 spa d
020 _a92 4 356195 2
040 _cBiblioteca Medicina
041 _aspa
082 _aOMS HB 1322.5
110 _aOrganizacion Mundial de la Salud
_91006
245 _aReduccion de la mortalidad materna
250 _a1° ed.
260 _aGinebra
_bOrganizacion Mundial de la Salud
_c1999
300 _a43 p.
653 _aMORTALIDAD MATERNA
710 _aFNUAP
_92426
710 _aUNICEF
_92427
710 _aBanco Mundial
_92428
942 _2ddc
_cPH
952 _pH0020
_40
_00
_bBFM
_10
_oOMS HB 1322.5
_d2013-06-12
_tEj. 1
_8NFIC
_70
_cCR
_2ddc
_yPH
_aBFM
999 _c1491
_d1491